000 00734nam a2200217 a 4500
001 000016303
005 20200929164348.0
008 100303s1984 pr 000 0 spa d
040 _aDO-SdBNP
082 _a326
_bS939d
100 1 _aSuarez Díaz, Ada
_93626
245 1 3 _aEl doctor Ramón Emeterio Betances y la abolición de la esclavitud /
_cAda Suarez Díaz.
250 _a3ra. ed.
260 _aSan Juan, Puerto Rico :
_bInstituto de Cultura Puertorriqueña
_eCorripio
_c1984.
300 _a161 p. ;
_c20 cm.
500 _aIncluye notas al pie de las páginas
650 4 _aEsclavitud en puerto rico
_936393
650 4 _aNegros en puerto rico
_936394
651 4 _aPuerto Rico
_xCondiciones Sociales
_912600
049 _aBNPD
999 _c15838
_d15838